000 00582nam a2200193 a 4500
001 000010397
005 20240412074217.0
008 091007s19uu dr 000 p spa d
040 _aDO-SdBNP
_bspa
_cBNPHU
082 _aRD861.44
_bL318ma
100 1 _aLara, Mencia M.
_925412
245 1 0 _aMi vida en prosa /
_cMencia M. Lara.
260 _aSanto Domingo :
_bLa unión,
_c[19--?]
_c21 cm.
300 _a55 p. ;
_c21 cm.
590 _aInventariado, 2018/LP
650 0 _aPoesía dominicana
_966
650 0 _aLiteratura dominicana.
_967
910 _aValidado. Control de calidad MFF
999 _c10156
_d10156